| 000 | 03450nam0a2200361 4500 | ||
|---|---|---|---|
| 001 | RU\NLR\BIBL_A\012837054 | ||
| 005 | 20250811135539.0 | ||
| 010 |
_a978-5-9571-3187-8 _9100 |
||
| 021 |
_aRU _bКН-П-22-023031 _9КН-П-22-1971 |
||
| 035 | _a(NLR Aleph) 012837054 | ||
| 035 | _a(RuMoRGB)011041025 | ||
| 090 |
_a12381962 _c12381962 |
||
| 100 | _a20220701d2022 u y0rusy50 ca | ||
| 101 | 0 | _arus | |
| 102 | _aRU | ||
| 105 | _aa|||j|||000zy | ||
| 181 | 0 |
_ai _baxxe |
|
| 182 | 0 | _an | |
| 200 | 1 |
_aПаллиативная помощь в практике социальной работы _eучебное пособие _eдля подготовки магистров по направлению 39.04.02 Социальная работа, программа подготовки "Психосоциальная работа с населением", практикующих специалистов социальных служб и НКО _fИ. К. Свищёва _gМинистерство науки и высшего образования Российской Федерации, Федеральное государственное автономное образовательное учреждение высшего образования "Белгородский государственный национальный исследовательский университет" |
|
| 203 |
_aТекст _bвизуальный _cнепосредственный |
||
| 210 |
_aБелгород _cИД "БелГУ" НИУ БелГУ _d2022 |
||
| 215 |
_a141 с. _cил. _d21 |
||
| 320 | _aБиблиогр.: с. 140-141 (17 назв.) | ||
| 330 | _aВ учебном пособии рассматривается специфика паллиативной помощи в практике социальной работы: ее виды и формы, принципы организации при оказании ее на дому и в хосписах. Раскрыта сущность паллиативной помощи как одного из направлений организации долговременного ухода за терминальными больными. Представлен порядок предоставления паллиативной помощи, его нормативно-правовое обеспечение, представлен опыт ее организации в России и за рубежом. Для подготовки магистров по направлению 39.04.02 "Социальная работа", программа подготовки "Психосоциальная работа с населением", практикующих специалистов социальных служб и НКО | ||
| 606 | 1 |
_aПаллиативная помощь _jУчебные издания для высших учебных заведений _xСоциальный аспект _92602921 _3RU\NLR\AUTH\661539479 |
|
| 606 | 1 |
_aСоциальная работа _jУчебные издания для высших учебных заведений _92037175 _3RU\NLR\AUTH\661223020 |
|
| 686 | 1 | _aС550.54я73 | |
| 686 | 1 | _aС550.473я73 | |
| 700 | 1 |
_aСвищёва _bИ. К. _gИрина Константиновна |
|
| 942 | _cBOOK | ||
| 980 | _aNB | ||